Statistical Analysis of Financial Data in S-Plus (Record no. 5462)

MARC details
005 - DATE AND TIME OF LATEST TRANSACTION
control field 20250626170827.0
020 ## - INTERNATIONAL STANDARD BOOK NUMBER
International Standard Book Number 978818489745
082 ## - DEWEY DECIMAL CLASSIFICATION NUMBER
Classification number 332.01 CAR
100 ## - MAIN ENTRY--PERSONAL NAME
Author name CARMONA,R.
245 ## - TITLE STATEMENT
Title Statistical Analysis of Financial Data in S-Plus
260 ## - PUBLICATION, DISTRIBUTION, ETC.
Place of publication, distribution, etc. Ney York
Name of publisher, distributor, etc. Springer Nature,
Date of publication, distribution, etc. 2004
300 ## - PHYSICAL DESCRIPTION
Extent xvi,451p.:ill.
Other physical details Index
Dimensions 24cm.
942 ## - ADDED ENTRY ELEMENTS (KOHA)
Source of classification or shelving scheme Dewey Decimal Classification
Koha item type Books
Holdings
Date last seen Total checkouts Full call number Barcode Cost, replacement price Price effective from Koha item type Lost status Source of classification or shelving scheme Damaged status Not for loan Withdrawn status Home library Current library Shelving location Date acquired Cost, normal purchase price
06/26/2025   332.0151955 CAR DOM000727 90000.00 06/26/2025 Books   Dewey Decimal Classification       CBE Dodoma CBE Dodoma General Collection 10/24/2017 30000.00